Základy socialistických financií : vysokoškolská učebnica pre poslucháčov Vysokej školy ekonomickej v Bratislave /

Hlavní autor: Háčik, Vladimír, 1929-
Jazyk: Slovenština
Vydáno: Bratislava : Alfa, 1979
Vydání: 2. vyd.
Edice: Edícia ekonomickej literatúry (Alfa)
Fyzický popis: 317 s.
Knihy
Uloženo v:
LEADER 00912nam a22002532a 4500
001 001251960
003 CZ BrMZK
005 20170614093752.0
007 ta
008 120925s1979 xo er|||||||||||slo d
040 |a BOA001  |b cze 
080 9 |a 336:321.74(075.8)=854 
100 1 |a Háčik, Vladimír,  |d 1929-  |7 xx0019301  |4 aut 
245 1 0 |a Základy socialistických financií :  |b vysokoškolská učebnica pre poslucháčov Vysokej školy ekonomickej v Bratislave /  |c Vladimír Háčik a kol. 
250 |a 2. vyd. 
260 |a Bratislava :  |b Alfa,  |c 1979 
300 |a 317 s. 
490 1 |a Edícia ekonomickej literatúry 
700 1 |a Háčik, Vladimír,  |d 1929-  |7 xx0019301  |4 edt 
830 0 |a Edícia ekonomickej literatúry (Alfa) 
910 |a BOA001  |b 2-0734.481-79 
990 |a BK 
991 |b 201209 
996 7 |b 2619626925  |c 2-0734.481-79  |l Sklad H1  |r Sklad / do 24 hodin  |n 0  |h HS212  |w 001286071  |u 000010  |a 1  |e BOA001  |j MZK50  |s A